[Event "Druzynowe Mistrzostw Polski Juniorow - II Liga"]
[Site "Wroclaw"]
[Date "1899-12-30"]
[Round "7.40"]
[White "Wawrukiewicz, Szymon"]
[Black "Pekala, Dawid"]
[Result "0-1"]
[WhiteTitle "II"]
[BlackTitle "II"]
[WhiteElo "1307"]
[BlackElo "1458"]

1. e4 c5 2. Nf3 d6 3. d4 cxd4 4. Nxd4 Nf6 5. Nc3 a6 6. Be2 e6 7. O-O b5 8. a3 Bb7
9. Bf3 Nbd7 10. Re1 Be7 11. Bg4 Nxg4 12. Qxg4 Bf6 13. Qd1 O-O 14. f3 Nb6 15. a4
b4 16. Nce2 d5 17. exd5 Nxd5 18. c4 bxc3 19. bxc3 Nxc3 20. Qd2 Nxe2+ 21. Nxe2
Bxa1 22. Qb4 Qd7 23. Ba3 Bf6 24. Rb1 Bc6 25. a5 Bb5 26. Ng3 Qd4+ 27. Qxd4 Bxd4+
28. Kh1 Rfd8 29. Rd1 Be5 30. Rxd8+ Rxd8 31. Ne4 Rd1# 0-1

[Event "Druzynowe Mistrzostw Polski Juniorow - II Liga"]
[Site "Wroclaw"]
[Date "1899-12-30"]
[Round "7.41"]
[White "Pudelko, Magdalena"]
[Black "Gladyszewska, Kinga"]
[Result "1-0"]
[WhiteTitle "I++"]
[BlackTitle "I"]
[WhiteElo "1461"]
[BlackElo "1225"]

1. e4 e5 2. Nf3 Nc6 3. Bc4 Nf6 4. d3 h6 5. c3 d6 6. Nbd2 g6 7. b4 Bg7 8. O-O O-O
9. Re1 Kh7 10. Nf1 Nh5 11. Ne3 Nf4 12. Nd5 Bg4 13. h3 Bd7 14. d4 g5 15. Nxf4 exf4
16. Bd3 Kh8 17. Bc2 f5 18. exf5 Bxf5 19. Bxf5 Rxf5 20. Qd3 Qf6 21. a4 Rf8 22.
Ra2 h5 23. Rae2 g4 24. Re6 Qf7 25. hxg4 Rf6 26. Ng5 Qg8 27. gxh5 Bh6 28. Rxf6
Rxf6 29. Re8 Rf8 30. Rxf8 Bxf8 31. Bxf4 Be7 32. Qf5 a6 33. Nf7+ Kg7 34. Bh6# 1-0

[Event "Druzynowe Mistrzostw Polski Juniorow - II Liga"]
[Site "Wroclaw"]
[Date "1899-12-30"]
[Round "7.42"]
[White "Borowik, Monika"]
[Black "Walerjan, Ada"]
[Result "1/2-1/2"]
[WhiteTitle "I"]
[BlackTitle "I"]
[WhiteElo "1380"]
[BlackElo "1275"]

1. d4 d5 2. c4 e6 3. Nf3 Nf6 4. Nc3 Be7 5. Bf4 c6 6. e3 O-O 7. h3 Nbd7 8. Bd3 b6
9. O-O Bb7 10. Rc1 Rc8 11. Qe2 Re8 12. Rfd1 Nf8 13. Ne5 N8d7 14. cxd5 Nxd5 15.
Nxd5 exd5 16. Bf5 Nxe5 17. Bxc8 Qxc8 18. Bxe5 Qe6 19. Qc2 f6 20. Bg3 c5 21. Qb3
Qf7 22. Qa4 a6 23. Qd7 Bc8 24. Qc7 Qe6 25. Qf4 c4 26. b3 b5 27. Qf3 Ba3 28. Rc2
Bd7 29. bxc4 bxc4 30. Rc3 Bb2 31. Rc2 c3 32. Rb1 Qf5 33. Qxf5 Bxf5 34. Rcxb2 cxb2
35. Rxb2 Kf7 36. Rb6 Bc8 37. Rd6 Bb7 38. Kf1 Re7 39. Ke2 Kg6 40. f3 Kf5 41. Be1
Kg5 42. h4+ Kg6 43. g4 Kf7 44. Ba5 Re6 45. Rd8 Re8 46. Rxe8 Kxe8 47. Kd3 Kd7 48.
e4 Ke6 49. Bc7 Ba8 50. e5 Bb7 51. f4 f5 52. g5 g6 53. Kc3 Bc6 54. Kb4 Bb5 55.
Kc5 Bc4 56. a3 Bb5 57. Kb6 1/2-1/2

[Event "Druzynowe Mistrzostw Polski Juniorow - II Liga"]
[Site "Wroclaw"]
[Date "1899-12-30"]
[Round "7.43"]
[White "Stypka, Sebastian"]
[Black "Wnek, Filip"]
[Result "1/2-1/2"]
[WhiteTitle "II"]
[BlackTitle "I++"]
[WhiteElo "1373"]
[BlackElo "2032"]

1. e4 c5 2. Nf3 d6 3. d4 cxd4 4. Nxd4 Nf6 5. Nc3 a6 6. Nb3 e6 7. Be2 Be7 8. Be3
Qc7 9. a4 b6 10. f4 Bb7 11. Bf3 Nbd7 12. O-O O-O 13. Qe1 Rfd8 14. Qg3 d5 15. e5
Ne4 16. Bxe4 dxe4 17. f5 exf5 18. Rxf5 Nc5 19. Raf1 Bf8 20. Rxf7 Qxf7 21. Rxf7
Kxf7 22. Nxc5 Bxc5 23. Qf2+ Kg8 24. Bxc5 bxc5 25. Qxc5 Rac8 26. Qe7 e3 27. Kf1
Rf8+ 28. Ke2 Bxg2 29. Kxe3 Rce8 30. Qd6 Rf6 31. Qc7 Rfe6 32. Kd4 R8e7 33. Qb8+
Re8 34. Qc7 R8e7 35. Qb8+ Re8 1/2-1/2

[Event "Druzynowe Mistrzostw Polski Juniorow - II Liga"]
[Site "Wroclaw"]
[Date "1899-12-30"]
[Round "7.44"]
[White "Rainer, Piotr"]
[Black "Cieply, Krzysztof"]
[Result "1/2-1/2"]
[WhiteTitle "I"]
[BlackTitle "I"]
[WhiteElo "1709"]
[BlackElo "1763"]

1. e4 c5 2. Nf3 Nc6 3. d4 cxd4 4. Nxd4 Nf6 5. Nc3 e5 6. Ndb5 d6 7. Bg5 a6 8. Na3
b5 9. Nd5 Be7 10. Bxf6 Bxf6 11. c3 O-O 12. Nc2 Bg5 13. Bd3 f5 14. O-O Be6 15.
a4 bxa4 16. Rxa4 a5 17. Nde3 f4 18. Bc4 fxe3 19. Bxe6+ Kh8 20. Nxe3 Bxe3 21. fxe3
Qb6 22. Bd5 Rab8 23. Bxc6 Qxc6 24. Rxf8+ Rxf8 25. h3 h6 26. Qb3 Qc5 27. c4 Qc6
28. Qc2 Qc5 29. Qc3 Qc6 30. Rxa5 Qxe4 31. Ra1 Rc8 32. Rc1 Rc6 33. b4 Rb6 34. b5
Qb7 35. Qd3 e4 36. Qd4 d5 37. Qxd5 Qxd5 38. cxd5 Rxb5 39. Rd1 Rb7 40. Kf2 Kg8
41. Kg3 Kf7 42. Kf4 Rb2 43. g3 Rg2 44. d6 Ke8 45. g4 Rh2 46. d7+ Kd8 47. Kxe4
Rxh3 48. Kf4 g5+ 49. Ke4 Rg3 1/2-1/2

[Event "Druzynowe Mistrzostw Polski Juniorow - II Liga"]
[Site "Wroclaw"]
[Date "1899-12-30"]
[Round "7.45"]
[White "Staniczek, Kacper"]
[Black "Micula, Jakub"]
[Result "1-0"]
[WhiteTitle "II"]
[BlackTitle "I"]
[WhiteElo "1345"]
[BlackElo "1623"]

1. e4 c6 2. d4 d5 3. Nc3 dxe4 4. Nxe4 Bf5 5. Ng3 Bg6 6. h4 h6 7. Nf3 Nd7 8. h5
Bh7 9. Bd3 Bxd3 10. Qxd3 e6 11. Bd2 Ngf6 12. O-O-O Be7 13. Qe2 O-O 14. Ne5 Qb6
15. Ng6 Rfe8 16. Nxe7+ Rxe7 17. c3 Ree8 18. Ne4 Nxe4 19. Qxe4 Nf6 20. Qf3 Nd5
21. Rde1 c5 22. Be3 c4 23. g4 Qa5 24. Kb1 Qb5 25. Ka1 a5 26. g5 Nxe3 27. Qxe3
Qxg5 28. Qf3 Qd5 29. Qe3 b5 30. Reg1 Kf8 31. Qg3 Qg5 32. Qxg5 hxg5 33. Rxg5 Rab8
34. Rhg1 g6 35. hxg6 fxg6 36. Rxg6 Ke7 37. Re1 Kd6 38. f4 Kd7 39. Rg7+ Kd6 40.
Rg5 Rf8 41. Rge5 Rf6 42. Kb1 b4 43. Kc2 Rh8 44. R1e2 Rxf4 45. Rxe6+ Kd7 46. Ra6
Rh5 47. Rg2 Rhf5 48. Rg7+ Rf7 49. Rxf7+ Rxf7 50. Ra7+ Ke6 51. Rxf7 Kxf7 52. cxb4
axb4 53. a3 bxa3 54. bxa3 Ke6 55. Kc3 Kd5 56. a4 1-0

[Event "Druzynowe Mistrzostw Polski Juniorow - II Liga"]
[Site "Wroclaw"]
[Date "1899-12-30"]
[Round "7.46"]
[White "Kozak, Karol"]
[Black "Wojs, Alicja"]
[Result "1-0"]
[WhiteTitle "I"]
[BlackTitle "I++"]
[WhiteElo "1490"]
[BlackElo "1566"]

1. e4 c6 2. d4 g6 3. Nc3 d5 4. exd5 cxd5 5. Bf4 Bg7 6. h3 Nh6 7. Nf3 f6 8. Bd3
Nf7 9. Qe2 O-O 10. Bb5 Nc6 11. O-O-O a6 12. Ba4 e6 13. g4 b5 14. Bb3 Na5 15. h4
Nc4 16. g5 Bd7 17. gxf6 Qxf6 18. Bg3 Rac8 19. Nh2 Nfd6 20. Ng4 Qd8 21. h5 Nf5
22. hxg6 hxg6 23. Bxc4 Rxc4 24. Be5 b4 25. Bxg7 Kxg7 26. Qe5+ Kf7 27. Rh7+ Ke8
28. Nxd5 Qg5+ 29. Nge3 Rc8 30. Kb1 Kd8 31. Nxf5 Qxf5 32. Qxf5 gxf5 33. Rxd7+ Kxd7
34. Nb6+ Kc6 35. Nxc8 Rxc8 36. c3 Kd5 37. Kc2 Rc6 38. Kd3 bxc3 39. bxc3 e5 40.
dxe5 Kxe5 41. Rd2 Kf4 42. c4 Kf3 43. Kc3 f4 44. Rc2 Kg2 45. Kd4 f3 46. c5 Re6
47. Kd3 Rc6 48. Kd4 Re6 49. c6 Re2 50. Kd3 Rxc2 51. Kxc2 Kxf2 52. c7 Ke1 53. c8=Q
f2 54. Qe6+ Kf1 55. Kd2 1-0

[Event "Druzynowe Mistrzostw Polski Juniorow - II Liga"]
[Site "Wroclaw"]
[Date "1899-12-30"]
[Round "7.47"]
[White "Lach, Alicja"]
[Black "Gaczol, Julia"]
[Result "1-0"]
[WhiteTitle "I"]
[BlackTitle "I+"]
[WhiteElo "1367"]
[BlackElo "1490"]

1. e4 c5 2. Nc3 Nc6 3. f4 g6 4. Nf3 Bg7 5. Bb5 Nd4 6. O-O Nxb5 7. Nxb5 d5 8. e5
d4 9. d3 a6 10. Na3 Nh6 11. Nc4 O-O 12. a4 Bd7 13. a5 f6 14. Nb6 Rb8 15. Qe1 e6
16. Bd2 Nf5 17. h3 Ne7 18. b4 Bc6 19. exf6 Rxf6 20. Ng5 Bd5 21. c4 h6 22. cxd5
hxg5 23. dxe6 Qd6 24. bxc5 Qxc5 25. Nd7 Qc7 26. Nxb8 Qd6 27. Nd7 Rxe6 28. Qg3
Qxd7 29. Qxg5 Nf5 30. Rfe1 Bh6 31. Qg4 Ne3 32. Bxe3 dxe3 33. Rxe3 1-0

[Event "Druzynowe Mistrzostw Polski Juniorow - II Liga"]
[Site "Wroclaw"]
[Date "1899-12-30"]
[Round "7.48"]
[White "Nowak, Emilia"]
[Black "Moczala, Maja"]
[Result "0-1"]
[WhiteTitle "I"]
[BlackTitle "I+"]
[WhiteElo "1279"]
[BlackElo "1375"]

1. e4 c5 2. c3 d5 3. exd5 Qxd5 4. d4 Nc6 5. Nf3 Bg4 6. Be2 Nf6 7. c4 Qd7 8. d5
Bxf3 9. Bxf3 Nd4 10. Be3 e5 11. dxe6 fxe6 12. Nc3 Be7 13. O-O O-O 14. Be4 Rad8
15. Re1 Nxe4 16. Nxe4 Qc6 17. Nd2 e5 18. Bxd4 Rxd4 19. Rxe5 Qf6 20. Qe2 Rxd2 21.
Qxd2 Qxe5 22. Re1 Qd6 0-1

[Event "Druzynowe Mistrzostw Polski Juniorow - II Liga"]
[Site "Wroclaw"]
[Date "1899-12-30"]
[Round "7.49"]
[White "Sleczka, Krzysztof"]
[Black "Borkowski, Stanislaw"]
[Result "0-1"]
[WhiteTitle "II+"]
[BlackTitle "I"]
[WhiteElo "1443"]
[BlackElo "1734"]

1. e4 c5 2. Nf3 d6 3. d4 cxd4 4. Nxd4 Nf6 5. Nc3 a6 6. Bg5 Nbd7 7. f4 Qc7 8. Qf3
b5 9. a3 Bb7 10. Be2 g6 11. O-O-O Bg7 12. g4 Rc8 13. Rd2 Nxe4 14. Nxe4 Bxd4 15.
Qd3 Nc5 16. Nxc5 Qxc5 17. Re1 Bf2 18. Rdd1 Bxe1 19. Rxe1 Rc7 20. Kb1 b4 21. axb4
Qxb4 22. Qg3 Be4 23. Bd3 Rb7 24. Bf6 e5 25. Kc1 Bxd3 26. cxd3 Qxb2+ 27. Kd1 Qa2
28. Bxe5 Rb1# 0-1

[Event "Druzynowe Mistrzostw Polski Juniorow - II Liga"]
[Site "Wroclaw"]
[Date "1899-12-30"]
[Round "7.50"]
[White "Lewandowski, Witold"]
[Black "Frac, Piotr"]
[Result "1/2-1/2"]
[WhiteTitle "I"]
[BlackTitle "II"]
[WhiteElo "1547"]
[BlackElo "1330"]

1. e4 c6 2. Nf3 d5 3. Nc3 Bg4 4. h3 Bxf3 5. Qxf3 e6 6. d3 Nd7 7. Bd2 Ngf6 8. g4
Bd6 9. g5 Ne5 10. Qe2 d4 11. gxf6 dxc3 12. Bxc3 gxf6 13. O-O-O c5 14. Kb1 Nc6
15. Qg4 Qe7 16. Qg7 Qf8 17. Qxf6 Rg8 18. d4 Be7 19. Qf3 cxd4 20. Bxd4 O-O-O 21.
Bc3 Rxd1+ 22. Qxd1 Bb4 23. Bxb4 Qxb4 24. Bd3 Ne5 25. f4 Nxd3 26. cxd3 Rg2 27.
Qc1+ Kd7 28. Rg1 Qxb2+ 29. Qxb2 Rxg1+ 30. Kc2 Rg2+ 1/2-1/2

[Event "Druzynowe Mistrzostw Polski Juniorow - II Liga"]
[Site "Wroclaw"]
[Date "1899-12-30"]
[Round "7.51"]
[White "Uhryn, Lukasz"]
[Black "Stanislawski, Karol"]
[Result "0-1"]
[WhiteTitle "II"]
[BlackTitle "I"]
[WhiteElo "1407"]
[BlackElo "1678"]

1. e4 c5 2. Nf3 g6 3. d4 cxd4 4. Nxd4 Bg7 5. c4 Nc6 6. Be3 Nf6 7. Nc3 O-O 8. Be2
d6 9. Rc1 Bd7 10. f3 Nxd4 11. Bxd4 a5 12. O-O Bc6 13. Qd2 Nd7 14. b3 Bxd4+ 15.
Qxd4 Qb6 16. Qxb6 Nxb6 17. Rfd1 Rfc8 18. Bf1 a4 19. b4 Bd7 20. Nd5 Nxd5 21. cxd5
f5 22. a3 Kf7 23. Kf2 Kf6 24. g3 fxe4 25. fxe4 Ke5 26. Ke3 Bg4 27. Re1 Rf8 28.
h3 Rf3+ 29. Ke2 Rxa3+ 30. hxg4 Rxg3 31. Rc7 a3 32. Rxe7+ Kd4 33. Rd1+ Kc3 34.
Rc7+ Kb2 35. Kf2 Rc3 36. Rd2+ Kb3 37. Rd3 Rxd3 38. Bxd3 a2 39. Bc4+ Kxb4 40. Bxa2
Rxa2+ 41. Kf3 b5 42. Rc6 g5 43. Rxd6 Ra3+ 44. Kf2 Kc5 45. Rd7 Kd4 46. Re7 b4 47.
d6 Ra2+ 48. Kf3 Ra3+ 49. Ke2 Ra2+ 50. Kd1 Kd3 51. Kc1 b3 52. d7 Kc3 53. Kd1 Rd2+
54. Ke1 b2 55. d8=Q b1=Q# 0-1

[Event "Druzynowe Mistrzostw Polski Juniorow - II Liga"]
[Site "Wroclaw"]
[Date "1899-12-30"]
[Round "7.52"]
[White "Gorecki, Michal"]
[Black "Krawczyk, Eryk"]
[Result "1-0"]
[WhiteTitle "II"]
[BlackTitle "II"]
[WhiteElo "1311"]
[BlackElo "1239"]

1. e4 c6 2. d4 d5 3. e5 Bf5 4. Ne2 e6 5. Ng3 Bg6 6. h4 h6 7. h5 Bh7 8. Bd3 Bxd3
9. cxd3 Qa5+ 10. Nc3 Nd7 11. O-O Ne7 12. f4 O-O-O 13. Bd2 Qa6 14. Be3 g6 15. b4
Nf5 16. Nxf5 gxf5 17. Rb1 f6 18. a4 fxe5 19. fxe5 Be7 20. b5 Qa5 21. bxc6 bxc6
22. Qc2 Nb6 23. Rfc1 Kd7 24. Bd2 Rc8 25. Ne4 Qxa4 26. Nc5+ Bxc5 27. Qxc5 Ke8 28.
Bb4 Rc7 29. Qd6 Rhh7 30. Qxe6+ Rce7 31. Qg6+ Ref7 32. e6 a5 33. exf7+ Rxf7 34.
Re1+ Kd8 35. Qg8+ Kc7 36. Qxf7+ Nd7 37. Re7 axb4 38. Rxd7+ Kb6 39. Rb7+ Ka6 40.
Ra7+ Kb6 41. Qb7# 1-0

[Event "Druzynowe Mistrzostw Polski Juniorow - II Liga"]
[Site "Wroclaw"]
[Date "1899-12-30"]
[Round "7.53"]
[White "Klintsevich, Aliaksandra"]
[Black "Oszutowska, Anna"]
[Result "1-0"]
[WhiteTitle "I"]
[BlackTitle "I"]
[WhiteElo "1428"]
[BlackElo "1248"]

1. d4 d5 2. c4 c6 3. cxd5 cxd5 4. Nc3 Nf6 5. Nf3 Nc6 6. Bf4 Bf5 7. e3 e6 8. Be2
Be7 9. O-O O-O 10. Rc1 Rc8 11. a3 h6 12. b4 a6 13. Na4 Ne4 14. Nc5 Nxc5 15. bxc5
Bg4 16. Rb1 Bxf3 17. Bxf3 Na5 18. Be2 Bg5 19. Bg3 Bh4 20. Bd6 Be7 21. Bxe7 Qxe7
22. Qa4 Nc6 23. Rb6 e5 24. Bf3 e4 25. Be2 Qd7 26. Rfb1 Rc7 27. Qb3 Na5 28. Qb4
Nc6 29. Qb2 Na5 30. Rd6 Qe7 31. Rxd5 f6 32. Rd6 Kh8 33. Rb6 Rd8 34. Qb4 Nc6 35.
Qb3 Qd7 36. Rxb7 Rxb7 37. Qxb7 Qd5 38. Qb3 Qf5 39. h3 h5 40. Qf7 Rd7 41. Qe8+
Kh7 42. Qxh5+ Qxh5 43. Bxh5 g6 44. Be2 f5 45. Bxa6 1-0

[Event "Druzynowe Mistrzostw Polski Juniorow - II Liga"]
[Site "Wroclaw"]
[Date "1899-12-30"]
[Round "7.54"]
[White "Lukasik, Aleksandra"]
[Black "Popczynska, Maja"]
[Result "0-1"]
[WhiteTitle "II+"]
[BlackTitle "I+"]
[WhiteElo "1127"]
[BlackElo "1346"]

1. e4 c5 2. Nf3 Nc6 3. d4 cxd4 4. Nxd4 Nf6 5. Nc3 d6 6. Bc4 e5 7. Nde2 Be7 8. O-O
O-O 9. Kh1 Be6 10. Bxe6 fxe6 11. f3 d5 12. Ng3 Qd7 13. Bg5 Rfd8 14. Qd2 h6 15.
Bxf6 Bxf6 16. exd5 exd5 17. Rad1 Ne7 18. Rfe1 Rac8 19. Nge4 Qc6 20. Nxf6+ Qxf6
21. Qe2 d4 22. Ne4 Qc6 23. c3 Nf5 24. Rd3 Ne3 25. Qd2 Qb6 26. b3 a6 27. c4 Rf8
28. c5 Qg6 29. b4 h5 30. Nd6 Rc7 31. Rb3 h4 32. Rg1 b6 33. Rxe3 dxe3 34. Qd5+
Kh8 35. Qxe5 bxc5 36. bxc5 e2 37. Qxe2 Ra8 38. Qf2 Qh5 39. Qd4 h3 40. g4 Qxc5
41. Qxc5 Rxc5 42. Ne4 Rc2 43. Ng5 Rxa2 44. Nxh3 Rb2 45. Nf4 a5 46. Nd5 a4 47.
Ne3 a3 48. Nc4 Rb3 49. Nxa3 Rbxa3 50. Kg2 Ra1 51. Rxa1 Rxa1 52. h4 Kh7 53. f4
g6 54. Kf2 Ra3 55. Kg2 Rb3 56. Kf2 Rh3 57. h5 gxh5 58. gxh5 Rxh5 59. Kf3 Kg6 60.
Ke4 Kf6 61. f5 Rxf5 62. Kd4 Rh5 63. Kc4 Ke6 64. Kd4 Rg5 65. Kc4 Kd6 66. Kd3 Rg4
67. Ke3 Kd5 68. Kf3 Ra4 69. Ke3 Rb4 70. Kf3 Ke5 71. Ke2 Rb3 72. Kf1 Rb2 73. Kg1
Kf4 74. Kh1 Kg3 75. Kg1 Rb1# 0-1

[Event "Druzynowe Mistrzostw Polski Juniorow - II Liga"]
[Site "Wroclaw"]
[Date "1899-12-30"]
[Round "7.55"]
[White "Lichorad, Mateusz"]
[Black "Maciaszek, Karol"]
[Result "1-0"]
[WhiteTitle "I+"]
[BlackTitle "I"]
[WhiteElo "1983"]
[BlackElo "1695"]

1. d4 Nf6 2. Nf3 c5 3. c4 g6 4. Nc3 cxd4 5. Nxd4 Nc6 6. e4 Bg7 7. Be3 d6 8. f3
Bd7 9. Qd2 O-O 10. Rc1 a6 11. Nc2 Rc8 12. Be2 Ne5 13. Na3 Be6 14. Nd5 Nfd7 15.
O-O Re8 16. f4 Nc6 17. f5 Bxd5 18. exd5 Nce5 19. Kh1 Nf6 20. Bd4 Neg4 21. Qd1
Nh6 22. g4 Nd7 23. Nc2 Ne5 24. Ne3 gxf5 25. g5 Nhg4 26. Nxf5 Nxh2 27. Kxh2 Bh8
28. Nh6+ Kf8 29. Bh5 1-0

[Event "Druzynowe Mistrzostw Polski Juniorow - II Liga"]
[Site "Wroclaw"]
[Date "1899-12-30"]
[Round "7.56"]
[White "Kucharski, Sylwester"]
[Black "Mosny, Kamil"]
[Result "0-1"]
[WhiteTitle "I"]
[BlackTitle "I"]
[WhiteElo "1441"]
[BlackElo "1730"]

1. e4 c5 2. Nf3 d6 3. d4 cxd4 4. Nxd4 Nf6 5. Nc3 a6 6. Bg5 Nbd7 7. f4 Qc7 8. Qf3
h6 9. Bxf6 Nxf6 10. h3 e6 11. g4 b5 12. a3 Nd7 13. O-O-O Bb7 14. f5 e5 15. Nb3
O-O-O 16. Nd5 Bxd5 17. Rxd5 Nb6 18. Rd3 Na4 19. Kb1 Be7 20. h4 Kb8 21. Bg2 Rc8
22. Qf2 Rhd8 23. Rc1 Rd7 24. Rh3 Bd8 25. c3 Qc6 26. Qe3 f6 27. Rg3 Qc4 28. Nd2
Qf7 29. Bf1 d5 30. exd5 Qxd5 31. Ne4 Bb6 32. Qe2 Rcd8 33. g5 hxg5 34. hxg5 fxg5
35. Rxg5 Qb3 36. Rg2 Rd2 37. Qxd2 Rxd2 38. Rxd2 Be3 39. Rcc2 Bxd2 40. Rxd2 Nxb2
41. Nc5 Qxa3 42. Nxa6+ Qxa6 43. Rxb2 Qf6 44. Rxb5+ Kc7 45. Bd3 Kc6 46. Ra5 Qd8
47. Be4+ Kb6 48. Rxe5 Qd2 49. Bc2 Qxc3 50. Re6+ Kc5 51. Re4 Kd5 52. Re6 Kd4 53.
Re4+ Kc5 54. Re6 Kd5 55. Re4 Qxc2+ 56. Kxc2 Kxe4 57. Kd2 Kxf5 0-1

[Event "Druzynowe Mistrzostw Polski Juniorow - II Liga"]
[Site "Wroclaw"]
[Date "1899-12-30"]
[Round "7.57"]
[White "Smolinski, Wojciech"]
[Black "Rajlich, Vaclav"]
[Result "1-0"]
[WhiteTitle "II"]
[BlackTitle "II"]
[WhiteElo "1278"]
[BlackElo "1326"]

1. e4 c5 2. Nf3 d6 3. d4 cxd4 4. Nxd4 Nf6 5. Nc3 g6 6. Be3 Bg7 7. f3 O-O 8. Qd2
Nc6 9. O-O-O Bd7 10. g4 Rc8 11. Kb1 Ne5 12. Be2 b5 13. Ndxb5 Rb8 14. Nd4 Rb7 15.
Ka1 Qb8 16. Rb1 Qc7 17. h4 Nc4 18. Bxc4 Qxc4 19. Nb3 Qa6 20. Bh6 Bh8 21. Bxf8
Kxf8 22. h5 Bg7 23. hxg6 hxg6 24. Qe2 Qb6 25. Rhd1 a5 26. Qc4 Be6 27. Qa4 Bxb3
28. cxb3 Nd7 29. Nd5 Qf2 30. Qc6 Kg8 31. Qxb7 Qc2 32. Qa8+ Bf8 33. Qxa5 1-0

[Event "Druzynowe Mistrzostw Polski Juniorow - II Liga"]
[Site "Wroclaw"]
[Date "1899-12-30"]
[Round "7.58"]
[White "Bombinski, Michal"]
[Black "Fronczek, Michal"]
[Result "1/2-1/2"]
[WhiteTitle "II"]
[BlackTitle "III"]
[WhiteElo "1168"]
[BlackElo "1092"]

1. d4 d5 2. Nf3 e6 3. c3 c5 4. Bg5 Nf6 5. e3 Bd6 6. Bd3 Nbd7 7. Nbd2 Qc7 8. O-O
O-O 9. Rc1 Re8 10. e4 dxe4 11. Nxe4 Be7 12. Qd2 Nxe4 13. Bxe4 Nf6 14. Bb1 b6 15.
Qd3 g6 16. h4 Bb7 17. Rfe1 Ng4 18. g3 Bd6 19. Nh2 Nxh2 20. Kxh2 Qc6 21. Qe4 Qxe4
22. Bxe4 Bxe4 23. Rxe4 Rac8 24. Rce1 cxd4 25. Rxd4 Bc5 26. Rd7 a5 27. Be3 Bxe3
28. Rxe3 Kf8 29. Red3 Re7 30. Kg2 Ke8 31. R7d6 Rb7 32. Kf3 Ke7 33. b3 h6 34. c4
Rcc7 35. Kf4 Rc5 36. Ke4 h5 37. f4 a4 38. R6d4 axb3 39. axb3 Ra5 40. b4 Ra1 41.
Rc3 Rc7 42. c5 bxc5 43. bxc5 Rc6 44. Rdc4 Ra5 45. Ke5 Rb5 46. Ke4 Rc7 47. Kd3
Rd7+ 48. Ke3 Rc7 49. Ke4 Ra5 50. Ke3 Rb5 51. Kd4 Rd7+ 52. Ke4 Rc7 53. Ke3 Ra5
54. c6 Ra6 55. Ke4 Rb6 56. Kd4 Kd6 57. Ke4 1/2-1/2

[Event "Druzynowe Mistrzostw Polski Juniorow - II Liga"]
[Site "Wroclaw"]
[Date "1899-12-30"]
[Round "7.59"]
[White "Trybus, Dominika"]
[Black "Kicinska, Magdalena"]
[Result "1/2-1/2"]
[WhiteTitle "I++"]
[BlackTitle "I++"]
[WhiteElo "1532"]
[BlackElo "1440"]

1. e4 c6 2. d4 d5 3. exd5 cxd5 4. c3 Bf5 5. Nf3 Nc6 6. Qb3 Qd7 7. Bb5 e6 8. Ne5
Qc7 9. Qa4 Nge7 10. Bf4 Qc8 11. O-O a6 12. Be2 b5 13. Qd1 Nxe5 14. dxe5 Ng6 15.
Bg3 Bc5 16. Nd2 O-O 17. h3 Qc7 18. Nf3 Ne7 19. Rc1 Qa7 20. Qd2 Bg6 21. Nh4 Nf5
22. Nxf5 Bxf5 23. Kh1 Rfd8 24. Bf3 Rab8 25. Bh4 Rd7 26. g4 Be4 27. Qe2 Bxf3+ 28.
Qxf3 a5 29. Qe2 b4 30. f4 bxc3 31. Rxc3 d4 32. Rd3 Qb7+ 33. Kh2 Qxb2 34. Rd2 Qc3
35. Rf3 d3 36. Rfxd3 Rxd3 37. Qxd3 Qxd3 38. Rxd3 h6 39. Rd8+ Rxd8 40. Bxd8 a4
41. Kg3 Kf8 42. Kf3 Ke8 43. Ba5 Kd7 44. h4 Be7 45. Be1 f5 46. exf6 gxf6 47. Ke4
Kc6 48. h5 Kc5 49. Bc3 Kc6 50. Bd2 Kd7 51. g5 fxg5 52. fxg5 hxg5 53. Ke5 g4 54.
h6 Bf8 55. h7 Bg7+ 56. Kf4 Ke7 57. Kxg4 Kf7 58. Bh6 Bh8 59. Kg5 Bf6+ 60. Kh5 Bh8
61. Kg5 Bf6+ 62. Kh5 Bh8 1/2-1/2

[Event "Druzynowe Mistrzostw Polski Juniorow - II Liga"]
[Site "Wroclaw"]
[Date "1899-12-30"]
[Round "7.60"]
[White "Kicinska, Anna"]
[Black "Zylak, Emilia"]
[Result "1-0"]
[WhiteTitle "I+"]
[BlackTitle "III"]
[WhiteElo "1297"]
[BlackElo "1000"]

1. d4 d5 2. Nf3 e6 3. c3 Nf6 4. Bg5 Be7 5. e3 Nbd7 6. Bd3 h6 7. Bh4 b6 8. Nbd2
Bb7 9. Rc1 Rc8 10. O-O O-O 11. Ne5 c5 12. f4 c4 13. Bb1 Ne4 14. Bxe7 Qxe7 15.
Bxe4 dxe4 16. Nexc4 Nf6 17. Ne5 Ba6 18. Rf2 Rfd8 19. Qa4 Qb7 20. Re1 Ra8 21. f5
Qc8 22. fxe6 fxe6 23. Qb3 Kh7 24. Ndc4 Qc7 25. Rf4 Rf8 26. Nd2 Qe7 27. Nxe4 Bb7
28. Nxf6+ Rxf6 29. Qc2+ Kg8 30. Ref1 Raf8 31. Ng6 Rxg6 32. Qxg6 Rxf4 33. Rxf4
Bd5 34. a3 Bb3 35. e4 Bc2 36. Qg4 Bb3 37. e5 Kh7 38. Qh5 Kg8 39. Qg6 a5 40. Rf6
a4 41. Rf2 Qd7 42. Qd3 b5 43. Qf3 Qe8 44. Qb7 Bc4 45. h3 Bd5 46. Qb6 Bc4 47. Qd6
Bd5 48. Rf4 Kh7 49. Qc7 Kg8 50. Rg4 Qf8 51. Qd7 Bc4 52. Kh2 Kh7 53. Kg3 Kg8 54.
Rf4 Qxf4+ 55. Kxf4 Kh7 56. g4 Kg6 57. Qe8+ Kh7 58. h4 Bd5 59. g5 Bb3 1-0

[Event "Druzynowe Mistrzostw Polski Juniorow - II Liga"]
[Site "Wroclaw"]
[Date "1899-12-30"]
[Round "7.61"]
[White "Pitera, Michal"]
[Black "Rog, Bartlomiej"]
[Result "0-1"]
[WhiteTitle "I"]
[BlackTitle "k"]
[WhiteElo "1794"]
[BlackElo "2091"]

1. d4 d6 2. c4 e5 3. e4 exd4 4. Qxd4 Nc6 5. Qd1 g6 6. Bd2 Bg7 7. Bc3 Nf6 8. Bd3
O-O 9. Ne2 Ne5 10. O-O Nfd7 11. Bc2 Nc5 12. f4 Ng4 13. Qd2 Nf6 14. Ng3 Re8 15.
Qe3 h5 16. f5 Bxf5 17. Rxf5 gxf5 18. Nxf5 Ncxe4 19. Nxg7 Nxc3 20. Nxe8 Ng4 21.
Qxc3 Qxe8 22. Qg3 Qe2 23. Na3 Re8 24. Qf3 Qe5 25. Qg3 Qd4+ 26. Kh1 Re3 27. Qh4
Qf4 28. Kg1 Rh3 29. gxh3 Qxh2+ 30. Kf1 Ne3+ 31. Ke1 Ng2+ 32. Kd2 Nxh4+ 33. Kc3
Qe5+ 34. Kb3 Nf3 0-1

[Event "Druzynowe Mistrzostw Polski Juniorow - II Liga"]
[Site "Wroclaw"]
[Date "1899-12-30"]
[Round "7.62"]
[White "Czechowski, Jakub"]
[Black "Pulit, Kacper"]
[Result "1-0"]
[WhiteTitle "I++"]
[BlackTitle "II"]
[WhiteElo "2003"]
[BlackElo "1330"]

1. d4 Nf6 2. c4 g6 3. Nc3 Bg7 4. e4 d6 5. h3 O-O 6. Be3 e5 7. d5 a5 8. Nge2 Na6
9. g4 Nd7 10. Ng3 Ndc5 11. Rg1 c6 12. Qd2 cxd5 13. cxd5 Bd7 14. f3 Rb8 15. Bh6
b5 16. Nh5 Bh8 17. Bxf8 Qxf8 18. Ng3 b4 19. Nd1 Qd8 20. g5 Qb6 21. Ne3 Bb5 22.
Rc1 b3 23. a3 Na4 24. Rg2 N6c5 25. Nc4 Qa6 26. Kd1 Nb6 27. Ne3 Bxf1 28. Ngxf1
Nd3 29. Rc6 Qb5 30. Qc3 Na4 31. Rc8+ Rxc8 32. Qxc8+ Kg7 33. Qc6 Ndxb2+ 34. Kc1
Nd3+ 35. Kb1 b2 36. Qxb5 Nc3+ 37. Kc2 Nxb5 38. Nd2 Ne1+ 39. Kxb2 Nxg2 40. Nxg2
h6 41. h4 hxg5 42. hxg5 f6 43. Nc4 a4 44. Nb6 fxg5 45. Nxa4 Nd4 46. Ne1 Kf7 47.
Nb6 Ke7 48. a4 Kd8 49. Nc4 Kc7 50. Kc3 Bf6 51. Kd3 Be7 52. Ke3 Kb7 53. Nd3 Nc2+
54. Kf2 Ka6 55. Kg3 Bf8 56. Kg4 Be7 57. Nf2 Nd4 58. Nh3 Ka7 59. Nxg5 Bxg5 60.
Kxg5 Nxf3+ 61. Kxg6 Kb8 62. Nxd6 Kc7 63. Nc4 Kd7 64. Kf5 1-0

[Event "Druzynowe Mistrzostw Polski Juniorow - II Liga"]
[Site "Wroclaw"]
[Date "1899-12-30"]
[Round "7.63"]
[White "Penar, Marcin"]
[Black "Lewek, Jakub"]
[Result "1/2-1/2"]
[WhiteTitle "II"]
[BlackTitle "II"]
[WhiteElo "1296"]
[BlackElo "1277"]

1. d4 d5 2. c4 c6 3. Nf3 Nf6 4. Nc3 dxc4 5. a4 Bf5 6. e3 e6 7. Bxc4 Bb4 8. O-O
O-O 9. Bd3 Bg4 10. Ne4 Nbd7 11. Nxf6+ Nxf6 12. Be2 Qc7 13. Bd2 Bd6 14. h3 Bf5
15. Bc3 Rfd8 16. Bd3 c5 17. Bxf5 exf5 18. Qc1 Ne4 19. Rd1 Rac8 20. dxc5 Nxc5 21.
Bd4 Qe7 22. Bxc5 Rxc5 23. Qb1 Qf6 24. Qa2 Rc2 25. Nd4 Rc5 26. Rd3 Qe5 27. Nf3
Qf6 28. Rad1 Rc6 29. Nd4 Ra6 30. Nb5 Be7 31. Rxd8+ Bxd8 32. Qd5 Be7 33. Qxb7 Rxa4
34. Qc8+ Bf8 1/2-1/2

[Event "Druzynowe Mistrzostw Polski Juniorow - II Liga"]
[Site "Wroclaw"]
[Date "1899-12-30"]
[Round "7.64"]
[White "Kowalski, Aleksander"]
[Black "Schiller, Marcin"]
[Result "0-1"]
[WhiteTitle "II"]
[BlackTitle "II"]
[WhiteElo "1073"]
[BlackElo "1214"]

1. e4 e6 2. d4 d5 3. e5 c5 4. c3 Nc6 5. Nf3 Qb6 6. Qd3 Nge7 7. Qb5 Nf5 8. Qxb6
axb6 9. Bb5 Bd7 10. Be3 cxd4 11. cxd4 Nb4 12. Bxd7+ Kxd7 13. Kd2 Rxa2 14. Rxa2
Nxa2 15. Nc3 Nxc3 16. bxc3 Be7 17. Ra1 b5 18. Kd3 Rc8 19. Rb1 Kc6 20. Ra1 Nxe3
21. fxe3 h6 22. Ne1 b4 23. Nc2 bxc3 24. Kxc3 b5 25. Kb3 Kb6 26. g4 Bg5 27. h3
b4 28. Re1 Rc3+ 29. Kb2 Kb5 30. Re2 Kc4 31. Re1 b3 32. Na3+ Kb4 33. Re2 Bxe3 34.
Nb1 Bc1+ 35. Ka1 Rc2 0-1